Visualizzazione normale
Vista MARC
- Puccini Giacomo
di Personal Name
Records bibliografici associati: 1
001 - CONTROL NUMBER
- control field: 32365
003 - CONTROL NUMBER IDENTIFIER
- control field: IT-RoPau
005 - DATE AND TIME OF LATEST TRANSACTION
- control field: 20140630114742.0
008 - FIXED-LENGTH DATA ELEMENTS
- fixed length control field: 140630|| aca||aabn | a|a d
040 ## - CATALOGING SOURCE
- Original cataloging agency: IT-RoPau
- Transcribing agency: IT-RoPau
100 ## - HEADING--PERSONAL NAME
- Personal name: Puccini Giacomo
- Miscellaneous information: Codice autore musica SPICS: 11082
- Relator term: Autore musica
- Name of part/section of a work: Si, mi chiamano Mimì - Donde lieta uscì - Vissi d'arte - Laggiù nel Soledad - Un bel dì vedremo - Con onor muore - Signore ascolta - Tu che di gel sei cinta - In questa reggia - Sogno di Doretta
670 ## - SOURCE DATA FOUND
- Source citation: Work cat.: (IT-RoPau)99570: AA.VV. 794, Ein Portrait